Statistics for First Country to Allow Same-Sex Marriage by Continent

Click here to take the quiz!

General Stats

  • This quiz has been taken 261 times
  • The average score is 5 of 6

Answer Stats

YearContinentCountry% Correct
2005North AmericaCanada
98%
2013OceaniaNew Zealand
90%
2006AfricaSouth Africa
90%
2010South AmericaArgentina
87%
2001EuropeNetherlands
83%
2019AsiaTaiwan
66%

Score Distribution

Percentile by Number Answered

Percent of People with Each Score

Your Score History

You have not taken this quiz